000 01263nji a22002657a 4500
005 2010090700000.0
006 a|||||r|||||00| 0
007 sd ammalaaahaa
008 100830t xxu||||| |||| 00| 0 eng d
028 _aN.53654
_bHis Master's Voice
035 _aGR-01066
040 _aSED
_cSED
100 _917455
_aRoy, Bimal
245 _aUsne kaha tha /
_cby Bimal Roy Production; music dtn by Salil Chowdhury; lyric by Maqdoom Mohidin
_h[sound recording] :
246 _aउसने कहा था / बिमल रॉय प्रोडक्शन द्वारा
260 _aDum Dum, India
_bHis Master's Voice
300 _a1 sound disc [Gramophone Recording]:
_banalog, 33 1/3 rpm
_c9.5 in. (MP)
_fGramophone Record
500 _aBrief Record
505 _aSide-1 जानेवाले सिपाही से पूछो (Janewale sipahi se pucho) (Manna Dey, Sabita Banerjee and Chorus) Side-2 चलते ही जाना (Chalte hi jana) (Manna Dey, Mohammad Rafi & Chorus)
650 _aMotion Picture Music
_zIndia
_91186
_xExcerpts
700 _aChowdhury, Salil
_918685
700 _aMohidin, Maqdoom
_918686
942 _2ddc
_cGR
999 _c44212
_d44212